000 00274nam a22001217a 4500
008 170627b xxu||||| |||| 00| 0 eng d
041 _aeng
080 _a32
100 _a21
101 _aSHP
245 _aTHE POLITICS OF THE PRESIDENCY
_cPIKA.J.A
942 _2udc
_cBK
999 _c19157
_d19157